00656cam a2200193I 450000100090000000300060000900500170001500800410003204000200007308200150009310000300010824501020013826000350024030000240027549000480029950400520034763000320039963000310043112338884GBCCL20241126110726.0850802s1922 nyu b 001 0 eng d aCBY cCBY dDAY a220.7bICC1 aBigg, Charles,d1840-190812aA critical and exegetical commentary on the Epistles of St. Peter and St. Jude /cby Charles Bigg aNew Delhi :bBloomsbury,c2023 axi, 353 p. ;c22 cm aInternational critical commentary v[v. 42] aIncludes bibliographical references and indexes00aBible.pPetervCommentaries00aBible.pJudevCommentaries